Quizzes
Events
Quiz Creation
Community
Videos
Private Events
Remove Ads
Sign In
Join for FREE
Feedback
Dark Mode
Quiz Categories
Sports
Geography
Music
Movies
Television
Just For Fun
Miscellaneous
History
Literature
Language
Science
Gaming
Entertainment
Religion
Holiday
For Kids
Quiz Lab
Recent
Popular Today
Quiz Kudos Today
Editor Picks
Curator Picks
Quizzes by...
Day
Popularity
Type
Ratings
Length
Year
Community
Subscriptions
Recent Discussions
Orange Saloon
Badges
Playlists
Quests
Create
Leaderboards
Showdown
Live 5
Trivia Bingo
Activity
Puzzle Library
Sporcle Events
Private Events
Virtual Trivia
Globe League
Become a Host
Pub Owners
SporcleCon
Opinionation
Our Games
Videos
Blog
Mobile Apps
Partnerships
Remove Ads and Go Orange
Feedback
Just For Fun
Clickable
Get the Picture
Humor
Quick Pick
Word Ladder
Missing Word
Mixed Word
Blitz
Minefield
This or That
Alphabet
Color
Typing
Sporcle
Puzzle
Word Play
Follow That Line
Logic
Just For Fun
Clickable
Get the Picture
Humor
Quick Pick
Word Ladder
Missing Word
Mixed Word
Blitz
Minefield
This or That
Alphabet
Color
Typing
Sporcle
Puzzle
Word Play
Follow That Line
Logic
Random Quiz
Search Sporcle
×
Quiz Lab
Quiz Lab
Just For Fun
Math
Type in answers that appear in a list
Type in answers that appear in a list
Classic
Best Score? Go Orange.
QUICK 1-12 multiplication table Stats
Can you name the mathematical answers in 2 minutes?
By
alidee
2m
120 Questions
1,849 Plays
1,849 Plays
1,849 Plays
Comments
Comments
Give Quiz Kudos
Give Quiz Kudos
-
- Ratings
hide this ad
Forced Order
Answers have to be entered in order
Answers have to be entered in order
Replay
Link that replays current quiz
Next Quiz
Link to next quiz in quiz playlist
You Got
0%
They Got
Avg Score
72%
Avg Friend Score
Upgrade to see
Score Distribution
Jump to the score distribution portion of the page
Score
0/120
Timer
02:00
0
Plays Today
Algorithm
Answer
% Correct
1x1
1
98.8%
1x3
3
98.6%
1x2
2
98.6%
1x4
4
98.5%
1x5
5
98.5%
1x7
7
98.5%
1x6
6
98.5%
1x9
9
98.5%
1x8
8
98.4%
1x10
10
98.2%
2x1
2
97.9%
2x2
4
97.8%
2x3
6
97.7%
2x4
8
97.5%
2x5
10
97.4%
2x6
12
97.3%
2x7
14
97%
2x8
16
96.9%
2x9
18
96.8%
2x10
20
96.6%
3x1
3
96.1%
3x2
6
96.1%
3x3
9
96%
3x4
12
95.9%
3x5
15
95.7%
3x6
18
95.2%
3x7
21
94.8%
3x8
24
94.4%
3x9
27
94.1%
3x10
30
94.1%
4x1
4
93.6%
4x2
8
93.3%
4x3
12
93%
4x4
16
92.6%
4x5
20
92.3%
4x6
24
91.5%
4x7
28
90.8%
4x8
32
90.2%
4x9
36
89.4%
5x1
5
89.3%
Algorithm
Answer
% Correct
5x2
10
89.3%
4x10
40
89%
5x3
15
89%
5x4
20
88.9%
5x5
25
88.5%
5x6
30
88.4%
5x7
35
88%
5x8
40
87.6%
5x9
45
87.2%
5x10
50
86.9%
6x1
6
86%
6x2
12
85.3%
6x3
18
84.6%
6x4
24
83.7%
6x5
30
83%
6x6
36
82.3%
6x7
42
80.6%
6x8
48
79.2%
6x9
54
77.4%
6x10
60
77.2%
7x1
7
76.6%
7x2
14
76.1%
7x3
21
75.3%
7x4
28
74.6%
7x5
35
73.4%
7x6
42
72.4%
7x7
49
71.6%
7x8
56
70.3%
7x9
63
68.8%
7x10
70
68.1%
8x1
8
66.8%
8x2
16
66.6%
8x3
24
65.8%
8x4
32
64.6%
8x5
40
63.8%
8x6
48
62.7%
8x7
56
61.5%
8x8
64
60.4%
9x1
9
59.9%
8x9
72
59.7%
Algorithm
Answer
% Correct
9x2
18
59.5%
8x10
80
59.4%
9x3
27
58.4%
9x4
36
57.5%
9x5
45
56.7%
9x6
54
55.2%
9x7
63
54.3%
9x8
72
53.6%
9x9
81
52.3%
10x1
10
52.2%
9x10
90
52.1%
10x2
20
51.2%
10x3
30
51%
10x4
40
50.5%
10x5
50
50.2%
10x6
60
49.7%
10x7
70
49.4%
10x8
80
49.2%
10x9
90
48.5%
10x10
100
47.7%
11x1
11
46.6%
11x2
22
45.7%
11x3
33
45.2%
11x4
44
44.6%
11x5
55
44.2%
11x6
66
43.8%
11x7
77
43.3%
11x8
88
43%
11x9
99
42.6%
11x10
110
40.5%
12x1
12
39.3%
12x2
24
37.9%
12x3
36
36.8%
12x4
48
35.7%
12x5
60
34.5%
12x6
72
33.3%
12x7
84
31.9%
12x8
96
30.9%
12x9
108
28.6%
12x10
120
27.8%
Quiz Playlist
Details
Report
Send in Message
Add To Playlist
Classic:
Type in answers that appear in a list
Forced Order:
Answers have to be entered in order
Last Updated: Feb 28, 2017
Quiz Scoreboard
CHALLENGE
Sign Up to Join the Scoreboard
Show All
Scores
Hide
Comments
May contain spoilers
Recently Published
Click the 1999 NBA Draft
by nibperrychub
Sports
2m
Alphabetical 'K' Countries by Flag Minefield
by ylime102
Geography
3m
Pick 6: Fruits
by JohnFran
Miscellaneous
15s
More to Explore
Quiz From the Vault
Featured Blog Post
15 Basketball Trivia Facts You Can Be March Mad About
hide this ad
You Might Also Like...
Tags
Math Quiz
algorithm
minute
multiplication
Quick
Table
Today's Top Quizzes in Just For Fun
Browse Just For Fun
hide this ad
Today's Top Quizzes in Math
Browse Math
Top Contributed Quizzes in Just For Fun
1
Seasons
2
Pick 6: Letters
3
Pick 6: Foods
4
Pick 6: Colors
5
Quick Pick: Spring Things
6
Dragon Ball Z Logic Quiz
7
Four Seasons
8
Just Another 1-25 Logic Puzzle
9
🌸 Two-Word Hint Crossword 7 🌸
10
LogiCrossword: Seasons of Year
Explore More
Trending Topics
Anime
Crossword
Marvel
Kpop
Disney
NBA
Harry Potter
The Office
Pokémon
WWE
Country
Puzzle
NFL
Song
Soccer
hide this ad
More By:
alidee
Quiz
Plays
Rating
Category
Featured
Created
Mixed Word: Mystery Country II
61,641
4.37
Just For Fun
Oct 7, 2009
Mixed Word: Mystery Country
60,332
4.35
Just For Fun
Oct 6, 2009
Around the world in 60 seconds *HARD*
10,792
1.81
Geography
Aug 10, 2010
Geography Family Feud
9,930
2.00
Geography
Mar 18, 2010
Family Feud
9,495
2.85
Miscellaneous
Dec 1, 2009
Go to Creator's Profile
Score Distribution
Quiz Creator Spotlight
alidee
Follow
Send a Message
Quizzes Created
-
Created Quiz Play Count
-
More By This Creator
Popular Quizzes Today
1
Countries of Asia Without Outlines Minefield
2
Find the US States - No Outlines Minefield
3
Pick 6: Fruits
4
Alphabetical 'K' Countries by Flag Minefield
5
The Countries of the World
6
Find the US States
7
US States
8
Match the Book to the Film X
More Just For Fun Quizzes
Word Ladder: Spamalot
Published
Trending Quizzes
Pick 6: Harry Potter
Pick 6: Mountains
Pick 6: NFL Teams
Pick 6: Flags
Pick 6: Movie Franchises
Recently Updated
NWSL Teams
pecheneg
Women's Final Four Teams by Year
bhenderson79
Presidents Quartet II
eogle
Anything But Clue(do)
eogle
Anything But Oceanian Capitals
eogle
Anything But 7
eogle
Anything But Thing
eogle
Word Ladder: February 29
pecheneg
Song Title Questions
pecheneg
Women's NCAA Tournament #1 Seeds
pecheneg
Trending Topics
Anime
Crossword
Harry Potter
Disney
Kpop
NBA
Marvel
Puzzle
NFL
Soccer
The Office
Song
Country
Pokémon
WWE
Your Account Isn't Verified!
In order to create a playlist on Sporcle, you need to verify the email address you used during registration. Go to your
Sporcle Settings
to finish the process.
Report this User
Report this user for behavior that violates our
Community Guidelines
.
Details:
Send Report
Go to the Sporcle.com Mobile Site →
Comments